Statistiques concernant Paroles Comme un boomerang

Cliquez ici pour prendre le quiz!

Statistiques générales

  • Ce quiz a été pris 555 fois
  • Le résultat moyen est 175 sur 243

Statistiques - réponses

Réponse% Correct
boomerang
98%
Comme
98%
comme
98%
de
98%
un
98%
Je
97%
je
97%
À
96%
à
96%
des
95%
la
95%
l'a
95%
me
94%
mon
93%
pas
93%
coeur
92%
Et
92%
et
92%
jour
90%
jours
89%
le
88%
passés
86%
L'amour
85%
bangs
84%
blessé
84%
revient
83%
sens
81%
ta
81%
Que
78%
que
78%
boums
77%
dingue
76%
ce
74%
agiter
73%
une
73%
Ma
72%
ma
72%
du
69%
ton
69%
dingues
65%
tu
65%
ces
64%
toi
63%
Toi
63%
les
62%
pour
61%
si
60%
Si
60%
te
60%
donné
59%
qui
59%
C'est
58%
c'est
58%
ne
58%
sur
58%
J'ai
57%
pleurer
57%
corps
56%
larmes
56%
langue
54%
t'avais
53%
bout
52%
effacé
52%
presque
52%
reviens
52%
mes
51%
d'un
50%
fous
50%
prénom
50%
amour
49%
il
47%
lier
47%
s'aimer
47%
t'aimer
47%
fais
46%
fait
45%
mémoire
44%
est
43%
chercher
42%
devrais
42%
esprit
42%
histoire
42%
pourrait
41%
prête
41%
Prête
41%
rejeté
41%
gang
40%
bête
39%
partie
39%
flingue
38%
garde
38%
Prends
38%
Sache
38%
elle
37%
séducteurs
36%
bringue
35%
car
35%
faire
35%
damner
34%
deux
34%
cruauté
33%
m'ont
33%
épuisé
32%
peu
31%
Peu
31%
raison
31%
victime
31%
s'arrêter
30%
Toutes
30%
m'as
29%
tangue
29%
Tordu
29%
vacille
29%
chavirer
28%
exsangue
28%
Sous
28%
endurer
26%
déglingue
24%
payer
23%
coups
22%
tortures
22%
cinglé
21%
flash-backs
21%
boomerangs
19%
enchaînés
19%
jour
7%

Distribution des résultats

Percentile par nombre de réponses

% des personnes avec chaque résultat

Votre développement - résultats

Vous n’avez pas pris ce quiz